| 000 | 00483nam a2200169 4500 | ||
|---|---|---|---|
| 001 | 140318 | ||
| 003 | ES-MaACL | ||
| 005 | 20250929063206.0 | ||
| 007 | t| | ||
| 008 | 070214q1920 fr r ||||1| fre d | ||
| 100 | 1 |
_aSégur, Pierre de, _d1853-1916 _9105195 |
|
| 245 | 1 | 0 |
_aMarie-Antoinette / _cMarquis de Ségur. |
| 260 |
_a[S. l. : _bs. n., _c1920?] ( _eLagny : _fE. Grevin) |
||
| 300 |
_a413 p. ; _c23 x 15 cm. |
||
| 852 |
_aES-MaACL _jD-4081 |
||
| 999 |
_c140318 _d140318 |
||